1076 1124 1157 1066 1139 1511 1034 1685 1804 1765 1192 1491 1656 1205 1410 1878 1544 1811 1637 1222 1133 1888 1097 1230 1166 1306 1253 1185 1491 1667 1207 1388 1547 1452 1076 1961 1408 1377 1420 1406 1602 1946 1511 1766 1522 1903 1977 1480 1490 1707 1606 1775 1515 1519 1759 1521 1638 1217 1598 1150 1415 1850 1343 1915 1260 1398 1289 1880 1325 1738 1323 1445 1726 1109 1645 1443 1312 1451 1622 1488 1988 1749 1059 1079 1026 1469 1076 1310 1577 1125 1679 1282 1862 1646 1100 1366 1020 1364 1744 BCNSPRNW ULIB Ver.6.0+V

เปลี่ยนเป็นภาษาไทย

Change to English
 แสดงรายละเอียดบรรณานุกรม
  กลับหน้าหลัก

Brief Record : Get Marc (ISO 2709) : E-mail record : QR code < ปิดหน้าต่าง
LEADER : 00000nam 2200000uu 4500
001    13399127825
003     ULIB
008    210930s2563||||th 000 0 tha d
020 ^- ^a9786164075528
060 ^- ^aWP520^bซ72
245 00 ^aSex hormones-- et cetera /^cกระเษียร ปัญญาคำเลิศ, อัมรินทร์ สุวรรณ, จาริกา วัตราเศรษฐ์ บรรณาธิการ.
250 ^- ^aพิมพ์ครั้งที่ 1.
260 ^- ^aกรุงเทพฯ :^bภาควิชาสูติศาสตร์-นรีเวชวิทยา คณะแพทยศาสตร์ จุฬาลงกรณ์มหาวิทยาลัย,^c2563
300 ^- ^a346 หน้า :^bภาพประกอบ.
650 ^4 ^aฮอร์โมนเพศ^xการใช้รักษา.
700 0^ ^aกระเษียร ปัญญาคำเลิศ.
700 0  ^aอัมรินทร์ สุวรรณ.
710 2^ ^aจุฬาลงกรณ์มหาวิทยาลัย.ภาควิชาสูติศาสตร์-นรีเวชวิทยา.
945    ^p590^l0^i008323
945    ^p590^l0^i008324
999    ^aประนอม เกษจรัล
รายการนี้ยังไม่มีแท็ก
คุณยังไม่ได้ล็อกอิน คุณสามารถมีกิจกรรมร่วมกับเว็บไซต์ได้ แต่ต้องล็อกอินก่อน ::
  ล็อกอิน

รายการสื่อสารสนเทศ

ลำดับที่ ประเภท เลขเรียก/บาร์โค้ด สถานที่ สถานะ
1. วิทยาศาสตร์การแพทย์ และสุขภาพ
หนังสือสำรอง
สถานะ=หนังสือสำรอง
WP520 ซ72 ฉ.1 
  Barcode: 008323
ห้องสมุดวิทยาเขตสวรรค์ประชารักษ์
►หนังสือทั่วไป
บนชั้น
2. วิทยาศาสตร์การแพทย์ และสุขภาพ
วิทยาศาสตร์การแพทย์ และสุขภาพ
WP520 ซ72 ฉ.2 
  Barcode: 008324
ห้องสมุดวิทยาเขตสวรรค์ประชารักษ์
►หนังสือทั่วไป
บนชั้น

BibComment


ยังไม่เคยถูกคอมเมนท์

คอมเมนท์ทรัพยากรรายการนี้
  คอมเมนท์: Sex hormones et ..


 Copyright 2026. Bcnsprnw @Library